ბათუმის შოთა რუსთაველის სახელმწიფო უნივერსიტეტის ბიბლიოთეკა

ფარმაციის ისტორია საქართველოში / (ბიბ.ჩანაწერი № 63734)

000 -ლიდერი
ფიქსირებული სიგრძის საკონტროლო ველი 01826nam a22002657a 4500
003 - საკონტროლო ნომრის იდენტიფიკატორი
საკონტროლო ველი Ge_BSU
005 - ბოლო ოპერაციის თარიღი და დრო
საკონტროლო ველი 20251217211900.0
008 - ფიქსირებული სიგრძის მონაცემთა ელემენტები - ზოგადი ინფორმაცია
ფიქსირებული სიგრძის საკონტროლო ველი 251217s2024 ge ||||| |||| 00| 0 geo d
020 ## - წიგნის საერთაშორისო სტანდარტული ნომერი
International Standard Book Number 9789941990311
041 ## - ენის კოდი
Language code of text/sound track or separate title geo
080 ## - უნივერსალური ათობითი კლასიფიკაციის ინდექსი
Universal Decimal Classification number 615(479.22)(09) ჭ-23
100 ## - მთავარი ჩანაწერი - პიროვნების სახელი
Personal name ჭანტურიძე, ს.
9 (RLIN) 26454
245 ## - ცნობა სათაურის შესახებ
Title ფარმაციის ისტორია საქართველოში /
Statement of responsibility, etc ტექსტი: ს. ჭანტურიძე, ნ. ხაბეიშვილი; პროექტის ხელმძღვანელი მ. ხოსიტაშვილი; რედაქტორი კ. ჯავახიშვილი; დიზაინერი მ. ცომაია.
264 ## - წარმოების, გამოცემის, დისტრიბუციის და სხვა ცნობები
გამოცემის, წარმოების, დისტრიბუციის... ადგილი თბილისი,
გამოცემის, წარმოების, დისტრიბუციის... თარიღი 2024.
300 ## - ფიზიკური აღწერა
Extent 82 გვ. :
Other physical details ილ. ;
Dimensions 23 სმ.
500 ## - ზოგადი შენიშვნა
General note გამოცემა მომზადდა საქართველოს ეროვნული ბიბლიოთეკისა და კომპანია PSP-ს ერთობლივი თანამშრომლობით.
504 ## - BIBLIOGRAPHY, ETC. NOTE
Bibliography, etc ბიბლიოგრაფია: გვ. 81-82.
653 ## - INDEX TERM--UNCONTROLLED
Uncontrolled term ქართული ფარმაციის ისტორია
700 ## - ADDED ENTRY--PERSONAL NAME
Personal name ხაბეიშვილი, ნ.
Relator term ტექსტის ავტორი
9 (RLIN) 26550
700 ## - ADDED ENTRY--PERSONAL NAME
Personal name ჯავახიშვილი, კ.
Relator term რედაქტორი
9 (RLIN) 26551
700 ## - ADDED ENTRY--PERSONAL NAME
Personal name ხოსიტაშვილი, მ.
Relator term პროექტის ხელმძღვანელი
9 (RLIN) 26453
700 ## - ADDED ENTRY--PERSONAL NAME
Personal name ცომაია, მ.
Relator term დიზაინერი
9 (RLIN) 26552
856 ## - ELECTRONIC LOCATION AND ACCESS
Uniform Resource Identifier https://dspace.nplg.gov.ge/bitstream/1234/530237/1/Farmaciis_Istoria_Saqartveloshi_2024.pdf
Link text ელ. ვერსია
942 ## - ADDED ENTRY ELEMENTS (KOHA)
Source of classification or shelving scheme
Koha item type წიგნი
ეგზემპლარები
ჩამოწერის სტატუსი დაკარგული ეგზემპლარის სტატუსი კლასიფიკაციის წყარო ან თაროზე გაწყობის სქემა დაზიანების სტატუსი არ გაიცემა მუდმივი მდებარეობა (დაცვის ადგილი) ამჟამინდელი ადგილსამყოფელი შეძენის თარიღი ღირებულება, შესყიდვის ნორმალური ფასი სრული შენახვის შიფრი შტრიხკოდი ბოლო ოპერაციის თარიღი ეგზემპლარის მიმდევრობითი ნომერი (კეტერი?) Uniform Resource Identifier ფასის ძალაში შესვლის თარიღი ეგზემპლარის სახეობა საჯარო შენიშვნა
          ბათუმის შოთა რუსთაველის სახელმწიფო უნივერსიტეტის მთავარი ბიბლიოთეკა ბათუმის შოთა რუსთაველის სახელმწიფო უნივერსიტეტის მთავარი ბიბლიოთეკა 2025-12-17 10.00 615(479.22)(09) ჭ-23 73288 2025-12-17 73288 საჩუქარი საქართველოს ეროვნული ბიბლიოთეკისაგან 2025-12-17 წიგნი 10 ლ.